Statistics for Five Biggest Countries by Flag Design

Click here to take the quiz!

General Stats

  • This quiz has been taken 771 times
  • The average score is 16 of 25

Answer Stats

DesignCountry% Correct
Star, Union Jack, CrossAustralia
91%
Union JackUnited Kingdom
91%
StarUnited States
91%
StarChina
87%
Union Jack, CrossNew Zealand
85%
SunEcuador
81%
Star, CircleBrazil
76%
SunArgentina
74%
Star, Cresent MoonAlgeria
71%
Crescent MoonPakistan
70%
CircleIndia
68%
CrossSweden
63%
CrossNorway
62%
Union JackFiji
61%
CrossFinland
61%
SunKazakhstan
58%
Crescent MoonLibya
55%
Union JackTuvalu
48%
CircleNiger
46%
Crescent MoonMongolia
43%
CircleMongolia
43%
SunMalaysia
40%
Crescent MoonMauritania
38%
CircleEthiopia
31%
SunPhilippines
30%

Score Distribution

Percentile by Number Answered

Percent of People with Each Score

Your Score History

You have not taken this quiz